Economic developments in Brazil, 1949-1950 /

Bibliographic Details
Corporate Author: Pan American Union. Division of Economic Research
Other Authors: Martinez, Jose Fernando
Format: Book
Language:English
Published: Washington : Division of Economic Research, Dept. of Economic and Social Affairs, Pan American Union, 1950.
Subjects:

MARC

Tag First Indicator Second Indicator Subfields
LEADER 00000cam a2200000 4500
001 in00000064200
005 20151008051748.0
008 750925s1950 dcu b i00010 eng
010 |a  51060195  
035 |a (OCoLC)01655678 
035 |9 AAG9828AM 
040 |a DLC  |c FUG  |d TXA  |d UtOrBLW 
043 |a s-bl--- 
049 |a TXAM  |c [227108] 
050 0 |a HC187  |b .P232 
082 0 |a 330.981 
092 |a 330.981  |b P187e 
110 2 |a Pan American Union.  |b Division of Economic Research. 
245 1 0 |a Economic developments in Brazil, 1949-1950 /  |c [prepared by Jose F. Martinez]. 
264 1 |a Washington :  |b Division of Economic Research, Dept. of Economic and Social Affairs, Pan American Union,  |c 1950. 
300 |a 69 . ;  |c 27cm. 
336 |a text  |b txt  |2 rdacontent 
337 |a unmediated  |b n  |2 rdamedia 
338 |a volume  |b nc  |2 rdacarrier 
504 |a Bibliography: leaf 69. 
651 0 |a Brazil  |x Economic conditions  |y 1918- 
700 1 |a Martinez, Jose Fernando. 
999 |a MARS 
999 f f |s 64c53eff-a376-3a2e-b205-7620c868b704  |i 1924a840-5e33-346e-980b-612edea3c252  |t 0 
952 f f |p ric  |a Texas A&M University  |b Rellis Campus  |c Joint Library Facility  |d Remote Storage  |t 0  |e HC187 .P232  |h Library of Congress classification  |i unmediated -- volume  |m A14800710440 
998 f f |a HC187 .P232  |t 0  |l Remote Storage